Normal view MARC view

Entry Topical Term

Number of records used in: 1

001 - CONTROL NUMBER

  • control field: 141382

003 - CONTROL NUMBER IDENTIFIER

  • control field: OSt

005 - DATE AND TIME OF LATEST TRANSACTION

  • control field: 20231109155914.0

008 - FIXED-LENGTH DATA ELEMENTS

  • fixed length control field: 231109|| aca||aabn | a|a d

040 ## - CATALOGING SOURCE

  • Original cataloging agency: OSt
  • Transcribing agency: OSt

150 ## - HEADING--TOPICAL TERM

  • Topical term or geographic name entry element: Linking product Avilability to profits

670 ## - SOURCE DATA FOUND

  • Source citation: Work cat.: (OSt)209892: Chopra, Sunil. 141381, Supply chain management :, 2022.